Histoire des styles decoratifs

Сохранить в:
Библиографические подробности
Главный автор: Berthoin, H.
Формат:
Язык:Undetermined
Опубликовано: Paris Librairie Larousse 1966
Предметы:
Метки: Добавить метку
Нет меток, Требуется 1-ая метка записи!
Thư viện lưu trữ: Trung tâm Học liệu Trường Đại học Cần Thơ
LEADER 00498nam a2200181Ia 4500
001 CTU_76687
008 210402s9999 xx 000 0 und d
082 |a 749 
082 |b B542 
100 |a Berthoin, H. 
245 0 |a Histoire des styles decoratifs 
245 0 |c H. Berthoin 
260 |a Paris 
260 |b Librairie Larousse 
260 |c 1966 
650 |a Decoration and ornament,Interior decoration 
904 |i Mai Loan,Hải 
980 |a Trung tâm Học liệu Trường Đại học Cần Thơ